| 000 | 00362nam a2200145Ia 4500 | ||
|---|---|---|---|
| 008 | 150201s1998 xx 000 0 und d | ||
| 082 |
_a611 _bH1998K |
||
| 100 | _aJOHN A. KIERNAN | ||
| 245 | _aBARRS THE HUMAN NERVOUS SYSTEM | ||
| 250 | _a7TH | ||
| 260 |
_bLIPPINCOTT PUBLICATION _aPHILADELPHIA _c1998 |
||
| 300 | _a1-516 | ||
| 650 | _aANATOMY | ||
| 942 |
_2ddc _cBK |
||
| 999 |
_c2746 _d2746 |
||